| 000 | 00000nam##2200000za#4500 |
| 001 | 9.569715 |
| 003 | CaOODSP |
| 005 | 20210624181911 |
| 007 | cr ||||||||||| |
| 008 | 150406|2005||||xxc|||||o f|0| 0 eng|d |
| 040 | |aCaOODSP|beng |
| 043 | |an-cn--- |
| 086 | 1 |aNH18-1/360-2005E-PDF |
| 110 | 2 |aCanada Mortgage and Housing Corporation. |
| 245 | 10|aSustainable northern community development charrette in Yellowknife, N.T., May 17-19, 2005 |h[electronic resource] |
| 246 | 3 |aSustainable northern development charrette in Yellowknife = Charrette sur le développement durable du Nord à Yellowknife |
| 260 | |aOttawa - Ontario : |bCanada Mortgage and Housing Corporation |cMay 2005 (main report), April 2007 (Research highlight). |
| 300 | |a49p.|bfigs. (some coloured), maps (some coloured), photographs |
| 490 | 1 |aResearch report |
| 500 | |aIncludes: Research highlight (Technical series 07-113, April 2007) under the title "Sustainable northern development charrette in Yellowknife". Y compris : Le point en recherche (Série technique 07-113, avril 2007) sous le titre « Charrette sur le développement durable du Nord à Yellowknife ». |
| 546 | |a(Comprend du texte en français.) |
| 590 | |a11-26-Supp|b2011-11-03 |
| 830 | #0|aResearch report (Canada Mortgage and Housing Corporation : Online)|w(CaOODSP)9.506068 |
| 856 | 40|ahttp://publications.gc.ca|qPDF|s3.41 MB|uhttps://publications.gc.ca/collections/collection_2011/schl-cmhc/nh18-1/NH18-1-360-2005-eng.pdf |